The one hundred percent Christian. (Record no. 12674)

000 -LEADER
fixed length control field 00545nam a2200181 a 4500
001 - CONTROL NUMBER
control field :::00010488$&:&@@
003 - CONTROL NUMBER IDENTIFIER
control field OkBaRHE
005 - DATE AND TIME OF LATEST TRANSACTION
control field 20091120133414.0
008 - FIXED-LENGTH DATA ELEMENTS--GENERAL INFORMATION
fixed length control field s1970 j 000 0 eng u
040 ## - CATALOGING SOURCE
Transcribing agency
100 1# - MAIN ENTRY--PERSONAL NAME
Personal name Lovett, C. S.
245 14 - TITLE STATEMENT
Title The one hundred percent Christian.
260 ## - PUBLICATION, DISTRIBUTION, ETC. (IMPRINT)
Place of publication, distribution, etc Baldwin Park, CA., :
Name of publisher, distributor, etc Personal Christianity
Date of publication, distribution, etc c1970
300 ## - PHYSICAL DESCRIPTION
Extent 123 p. ;
Dimensions 21 cm.
650 ## - SUBJECT ADDED ENTRY--TOPICAL TERM
Topical term or geographic name as entry element Christian life.
942 ## - ADDED ENTRY ELEMENTS (KOHA)
Source of classification or shelving scheme
Koha item type Books
Copies
Withdrawn status Not for loan Shelving location Lost status Barcode Date acquired Copy number Koha item type Date last seen Source of classification or shelving scheme Permanent Location Price effective from Damaged status Full call number
  General Stacks 104882010-04-141Books2010-04-14 RHEMA Bible Training College2010-04-14 BV 4501 .L6